Metropolitan growth and expansion in the 1980s /

Bibliographic Details
Main Author: Forstall, Richard L.
Corporate Author: United States. Bureau of the Census. Population Division
Other Authors: Fitzsimmons, James D.
Format: Government Document Microform Book
Language:English
Published: Washington, D.C. : U.S. Dept. of Commerce, Economics and Statistics Administration, Bureau of the Census, [1993]
Series:Technical working paper series ; no. 6.
Subjects:
Online Access:https://purl.fdlp.gov/GPO/LPS33755

MARC

Tag First Indicator Second Indicator Subfields
LEADER 00000cam a2200000Ia 4500
001 in00001770421
005 20211202200035.0
007 he bmb024bbca
008 980603s1993 dcub bs f000 0 eng d
035 |a (OCoLC)ocm39221268 
040 |a IUB  |c IUB  |d GPO  |d OCL  |d GPO  |d MvI  |d UtOrBLW 
043 |a n-us--- 
049 |a UMIC 
049 |a WWW 
074 |a 0154-B-55 (MF) 
074 |a 0154-B-55 (online) 
086 0 |a C 3.223/27:6 
100 1 |a Forstall, Richard L. 
245 1 0 |a Metropolitan growth and expansion in the 1980s /  |c by Richard L. Forstall and James D. Fitzsimmons. 
264 1 |a Washington, D.C. :  |b U.S. Dept. of Commerce, Economics and Statistics Administration, Bureau of the Census,  |c [1993] 
300 |a 18 pages, 7 unnumbered leaves :  |b map ;  |c 28 cm. 
336 |a text  |b txt  |2 rdacontent 
337 |a microform  |b h  |2 rdamedia 
338 |a microfiche  |b he  |2 rdacarrier 
490 1 |a Technical working paper ;  |v no. 6 
500 |a "Working paper series"--Cover. 
500 |a "Population Division, U.S. Bureau of the Census." 
500 |a "Paper presented at the annual meeting of the Population Association of America, in Cincinnati, April 3, 1993." 
500 |a Shipping list number: 98-0578-M. 
500 |a "April 1993." 
530 |a Also available via Internet from the Census Bureau web site. Address as of 7-18-03: http://www.census.gov/population/www/documentation/twps0006/twps0006.html; current access is available via PURL. 
533 |a Microfiche.  |b [Washington, D.C.] :  |c Supt. of Docs., U.S. G.P.O.,  |d [1998]  |e 1 microfiche : negative.  |7 s1998 dcun b 
500 |a Microform. 
650 0 |a Cities and towns  |z United States  |x Growth. 
650 0 |a Metropolitan areas  |z United States  |v Statistics. 
700 1 |a Fitzsimmons, James D. 
710 1 |a United States.  |b Bureau of the Census.  |b Population Division. 
830 0 |a Technical working paper series ;  |v no. 6. 
856 4 1 |u https://purl.fdlp.gov/GPO/LPS33755  |t 0 
999 |a MARS 
999 f f |s 85e55879-3586-3573-97b3-36922722b4ca  |i 423516c8-a916-36cd-9fe1-e5a7c9f8c6fb  |t 0 
952 f f |a Texas A&M University  |b College Station  |c Electronic Resources  |d Available Online  |t 0  |e C 3.223/27:6  |h Superintendent of Documents classification 
998 f f |a C 3.223/27:6  |t 0  |l Available Online